Find Out (Record no. 390)

MARC details
000 -LEADER
fixed length control field 00577nam a22002057a 4500
005 - DATE AND TIME OF LATEST TRANSACTION
control field 20230629091435.0
008 - FIXED-LENGTH DATA ELEMENTS--GENERAL INFORMATION
fixed length control field 230609b |||||||| |||| 00| 0 eng d
020 ## - INTERNATIONAL STANDARD BOOK NUMBER
International Standard Book Number 9780198464615
040 ## - CATALOGING SOURCE
Original cataloging agency KMU
Transcribing agency KMU
Modifying agency KMU
Description conventions rda
050 ## - LIBRARY OF CONGRESS CALL NUMBER
Classification number PR 20.3
100 ## - MAIN ENTRY--PERSONAL NAME
Personal name Llewellyn,Claire
245 ## - TITLE STATEMENT
Title Find Out
Remainder of title /
Statement of responsibility, etc. Claire Llewellyn, Roderick Hunt and Alex Brychta
260 ## - PUBLICATION, DISTRIBUTION, ETC.
Place of publication, distribution, etc. Oxford:
Name of publisher, distributor, etc. Oxford University Press,
Date of publication, distribution, etc. 2011.
300 ## - PHYSICAL DESCRIPTION
Extent 16 P.:
Other physical details ill.;
Dimensions 8cm
650 ## - SUBJECT ADDED ENTRY--TOPICAL TERM
Topical term or geographic name entry element Information Services
650 ## - SUBJECT ADDED ENTRY--TOPICAL TERM
Topical term or geographic name entry element Information
700 ## - ADDED ENTRY--PERSONAL NAME
Personal name Hunt Roderick
700 ## - ADDED ENTRY--PERSONAL NAME
Personal name Brychta Alex
942 ## - ADDED ENTRY ELEMENTS (KOHA)
Source of classification or shelving scheme Library of Congress Classification
Koha item type Non-Fiction
Suppress in OPAC No
Holdings
Withdrawn status Lost status Source of classification or shelving scheme Damaged status Not for loan Collection Home library Current library Shelving location Date acquired Source of acquisition Total Checkouts Full call number Barcode Date last seen Date last checked out Price effective from Koha item type
    Library of Congress Classification     Non-fiction Kapasa Makasa University Kapasa Makasa University Children's Area 09.06.2023 Zambia Library Service 2 PR 20.3 Lle 300439 27.05.2024 08.04.2024 09.06.2023 Non-Fiction
    Library of Congress Classification     Non-fiction Kapasa Makasa University Kapasa Makasa University Children's Area 09.06.2023 Zambia Library Service   PR 20.3 Lle 300440 09.06.2023   09.06.2023 Non-Fiction
    Library of Congress Classification     Non-fiction Kapasa Makasa University Kapasa Makasa University Children's Area 09.06.2023 Zambia Library Service   PR 20.3 Lle 300441 09.06.2023   09.06.2023 Non-Fiction
    Library of Congress Classification     Non-fiction Kapasa Makasa University Kapasa Makasa University Children's Area 09.06.2023 Zambia Library Service   PR 20.3 Lle 300447 09.06.2023   09.06.2023 Non-Fiction
    Library of Congress Classification     Non-fiction Kapasa Makasa University Kapasa Makasa University Children's Area 09.06.2023 Zambia Library Service   PR 20.3 Lle 300445 09.06.2023   09.06.2023 Non-Fiction
    Library of Congress Classification     Non-fiction Kapasa Makasa University Kapasa Makasa University Children's Area 09.06.2023 Zambia Library Service   PR 20.3 Lle 300444 09.06.2023   09.06.2023 Non-Fiction
    Library of Congress Classification     Non-fiction Kapasa Makasa University Kapasa Makasa University Children's Area 09.06.2023 Zambia Library Service   PR 20.3 Lle 300448 09.06.2023   09.06.2023 Non-Fiction
    Library of Congress Classification     Non-fiction Kapasa Makasa University Kapasa Makasa University Children's Area 09.06.2023 Zambia Library Service   PR 20.3 Lle 300443 09.06.2023   09.06.2023 Non-Fiction
    Library of Congress Classification     Non-fiction Kapasa Makasa University Kapasa Makasa University Children's Area 09.06.2023 Zambia Library Service   PR 20.3 Lle 300446 09.06.2023   09.06.2023 Non-Fiction
    Library of Congress Classification     Non-fiction Kapasa Makasa University Kapasa Makasa University Children's Area 09.06.2023 Zambia Library Service   PR 20.3 Lle 300442 09.06.2023   09.06.2023 Non-Fiction